[Event "Open Plzen 2017"]
[Site "Plzen"]
[Date "2017.11.22"]
[Round "4"]
[White "Jurek, Josef"]
[Black "Csiki, Endre"]
[Result "1-0"]
[WhiteElo "2265"]
[BlackElo "2084"]
[PlyCount "139"]
[EventDate "2017.11.19"]

1. Nf3 {[%emt 0:00:00]} Nf6 2. g3 g6 3. b3 Bg7 4. Bb2 c5 5. c4 d6 6. Bg2 e5 7.
O-O O-O 8. d3 Nc6 9. Nc3 a6 10. Ne1 Be6 11. Nd5 Rb8 12. Nc2 Ne7 13. Nxf6+ Bxf6
14. b4 Bg7 15. bxc5 dxc5 16. a4 b6 17. Ne3 Qd7 18. Re1 Rfd8 19. Qc2 h5 20. Bc3
a5 21. Qb2 f6 22. Qb5 Qxb5 23. axb5 Bh6 24. Nd1 Kf7 25. Nb2 Nf5 26. e3 Rd6 27.
Kf1 Rbd8 28. Ke2 Re8 29. Red1 Bd7 30. Bd5+ Kg7 31. Na4 Ne7 32. Bf3 Bf5 33. Ra2
Red8 34. Rad2 Bg4 35. Bxg4 hxg4 36. Nxb6 Rxb6 37. Bxa5 Nc8 38. Ra2 Kf7 39. Bxb6
Nxb6 40. Ra7+ Ke6 41. Rc7 Bf8 42. Ra1 Rd6 43. Ra6 e4 44. d4 Nd7 45. Rac6 Rxc6
46. d5+ Kd6 47. Rxc6+ Ke5 48. Re6+ Kf5 49. b6 g5 50. b7 Nb8 51. Kd2 Kg6 52.
Rxe4 Bd6 53. Re6 Be5 54. Re7 Bd6 55. Re8 Kf7 56. Re6 Be5 57. e4 Bd4 58. Ke2 Be5
59. f3 Nd7 60. fxg4 Bb8 61. Rc6 Ke7 62. Rc8 Be5 63. h4 gxh4 64. gxh4 Kf7 65. h5
Bf4 66. Rd8 Ke7 67. h6 Kxd8 68. h7 Kc7 69. h8=Q Kxb7 70. Qe8 1-0

[Event "Open Plzen 2017"]
[Site "Plzen"]
[Date "2017.11.22"]
[Round "4"]
[White "Bartos, Jan"]
[Black "Kalinowska, Zuzanna"]
[Result "1/2-1/2"]
[WhiteElo "2227"]
[BlackElo "1948"]
[PlyCount "56"]
[EventDate "2017.11.19"]

1. d4 Nf6 2. c4 e6 3. Nf3 Bb4+ 4. Bd2 Qe7 5. g3 Ne4 6. Bg2 O-O 7. O-O Nxd2 8.
Nbxd2 d5 9. a3 Bxd2 10. Qxd2 Nd7 11. Rac1 c6 12. Qf4 Re8 13. Rfd1 Nb6 14. c5
Nc4 15. Rc2 b6 16. Ne5 Nxe5 17. Qxe5 Bd7 18. e4 bxc5 19. Rxc5 a5 20. Re1 Qd8
21. b4 axb4 22. axb4 Ra4 23. Qd6 Rxb4 24. Rxd5 cxd5 25. Qxb4 dxe4 26. Bxe4 Qb8
27. Qxb8 Rxb8 28. d5 exd5 1/2-1/2

[Event "Open Plzen 2017"]
[Site "Plzen"]
[Date "2017.11.22"]
[Round "4"]
[White "Paldus, Petr"]
[Black "Barthel, Ansgar"]
[Result "1/2-1/2"]
[WhiteElo "1928"]
[BlackElo "2202"]
[PlyCount "82"]
[EventDate "2017.11.19"]

1. e4 Nf6 2. e5 Nd5 3. Nc3 Nxc3 4. dxc3 d6 5. Nf3 dxe5 6. Qxd8+ Kxd8 7. Nxe5
Ke8 8. g3 Nd7 9. Nxd7 Bxd7 10. Bg2 c6 11. Be3 h5 12. h4 Bg4 13. f3 Bf5 14.
O-O-O g6 15. Rd2 Bh6 16. Bxh6 Rxh6 17. Rhd1 Rh8 18. Rd4 Kf8 19. Rd8+ Rxd8 20.
Rxd8+ Kg7 21. Rxh8 Kxh8 22. f4 Kg7 23. a4 Kf6 24. a5 a6 25. c4 e5 26. b4 exf4
27. gxf4 Ke7 28. Kd2 Kd6 29. c3 f6 30. Ke3 Bb1 31. Kd4 Bc2 32. b5 Ba4 33. c5+
Kd7 34. Bh3+ Kd8 35. b6 Bc2 36. Be6 Bf5 37. Bc4 Kd7 38. Ke3 Kd8 39. Be2 Kd7 40.
Bc4 Kd8 41. Be2 Kd7 1/2-1/2

[Event "Open Plzen 2017"]
[Site "Plzen"]
[Date "2017.11.22"]
[Round "4"]
[White "Hlozek, David"]
[Black "Wiley, Thomas"]
[Result "1/2-1/2"]
[WhiteElo "1855"]
[BlackElo "2117"]
[PlyCount "61"]
[EventDate "2017.11.19"]

1. e4 {[%emt 0:00:00]} c5 2. Nf3 e6 3. g3 a6 4. Bg2 b5 5. O-O Bb7 6. Qe2 d6 7.
Rd1 Nf6 8. d3 Be7 9. c3 O-O 10. Nbd2 Nc6 11. d4 Qc7 12. b3 Rfc8 13. Bb2 cxd4
14. cxd4 b4 15. Rac1 d5 16. e5 Nd7 17. Ne1 Qb6 18. Qe3 a5 19. Nd3 a4 20. f4 a3
21. Ba1 Nd8 22. Bf1 g6 23. Nf3 Rxc1 24. Rxc1 Rc8 25. Rxc8 Bxc8 26. Nc5 Nc6 27.
Nd3 Ndb8 28. Nfe1 Ba6 29. Nc2 Bb5 30. Qd2 Na6 31. Kf2 1/2-1/2

[Event "Open Plzen 2017"]
[Site "Plzen"]
[Date "2017.11.22"]
[Round "4"]
[White "Skurniak, Szymon"]
[Black "Kopriva, Martin"]
[Result "0-1"]
[WhiteElo "1702"]
[BlackElo "2084"]
[PlyCount "56"]
[EventDate "2017.11.19"]

1. e4 {[%emt 0:00:00]} g6 2. d4 Bg7 3. Be3 d6 4. Nc3 c6 5. a4 Qc7 6. Bc4 Nf6 7.
f3 Nbd7 8. Nge2 O-O 9. Qd2 e5 10. O-O a6 11. Rfd1 Rb8 12. a5 Ne8 13. f4 b5 14.
axb6 Nxb6 15. Bb3 Be6 16. Bxe6 fxe6 17. Qd3 Bh6 18. g3 exf4 19. Bxf4 Bxf4 20.
Nxf4 Qe7 21. Rxa6 e5 22. Ng2 Qf7 23. Qe2 exd4 24. Rxd4 Nd7 25. b3 Qf6 26. Rc4
Ne5 27. Raxc6 Nf3+ 28. Kh1 Nd4 0-1

[Event "Open Plzen 2017"]
[Site "Plzen"]
[Date "2017.11.22"]
[Round "4"]
[White "Stock, Andreas"]
[Black "Basson, Heinrich"]
[Result "1/2-1/2"]
[WhiteElo "2051"]
[BlackElo "1939"]
[PlyCount "65"]
[EventDate "2017.11.19"]

1. c4 Nf6 2. Nc3 g6 3. g3 d6 4. Bg2 c5 5. e4 Bg7 6. Nge2 Nc6 7. O-O O-O 8. d3
Bd7 9. h3 Rb8 10. Rb1 a6 11. a3 b5 12. cxb5 axb5 13. b4 Nd4 14. bxc5 dxc5 15.
Nxd4 cxd4 16. Na2 Qb6 17. Nb4 e6 18. f4 Rfd8 19. g4 Ne8 20. Qb3 Qd6 21. e5 Qb6
22. h4 Nc7 23. Bd2 Na6 24. Nxa6 Qxa6 25. Bb4 Bc6 26. Bxc6 Qxc6 27. Rbc1 Qd7 28.
Rce1 Bf8 29. f5 Bxb4 30. Qxb4 Rbc8 31. fxg6 hxg6 32. Re4 Rc2 33. Rf2 1/2-1/2

[Event "Open Plzen 2017"]
[Site "Plzen"]
[Date "2017.11.22"]
[Round "4"]
[White "Hodan, Jiri"]
[Black "Hajek, Jiri"]
[Result "1/2-1/2"]
[WhiteElo "1917"]
[BlackElo "2042"]
[PlyCount "53"]
[EventDate "2017.11.19"]

1. e4 {[%emt 0:00:00]} g6 2. d4 Bg7 3. Nf3 d6 4. Nc3 Nf6 5. Be2 O-O 6. O-O Bg4
7. h3 Bxf3 8. Bxf3 Nc6 9. Ne2 Nd7 10. c3 e5 11. Be3 Nb6 12. b3 f5 13. exf5 gxf5
14. dxe5 dxe5 15. Bxc6 bxc6 16. Qxd8 Rfxd8 17. Rad1 f4 18. Bc1 Kf7 19. c4 Ke6
20. Nc3 Kf5 21. g4+ Kg6 22. Ne4 Nd7 23. Bb2 Nf8 24. Nc5 Rd6 25. Ne4 Rdd8 26.
Nc5 Rd6 27. Ne4 1/2-1/2

[Event "Open Plzen 2017"]
[Site "Plzen"]
[Date "2017.11.22"]
[Round "4"]
[White "Vlk, Miloslav"]
[Black "Murray, Jim G"]
[Result "1-0"]
[WhiteElo "2000"]
[BlackElo "1874"]
[PlyCount "71"]
[EventDate "2017.11.19"]

1. c4 Nf6 2. Nc3 g6 3. g3 Bg7 4. Bg2 c6 5. Nf3 O-O 6. O-O d6 7. d4 Bg4 8. h3
Bxf3 9. Bxf3 Nbd7 10. h4 Rc8 11. h5 Nxh5 12. Bxh5 gxh5 13. e4 e5 14. d5 cxd5
15. cxd5 h4 16. Qh5 hxg3 17. fxg3 f6 18. Kg2 Rf7 19. Be3 a6 20. Rf2 b5 21. g4
Qe7 22. Rh1 Nf8 23. Ne2 Rc2 24. Ng3 Rxf2+ 25. Kxf2 Qc7 26. Rc1 Qa5 27. a3 b4
28. axb4 Qxb4 29. Rc2 Qb8 30. Nf5 Rb7 31. Kf3 Qd8 32. Rc6 Rxb2 33. Rxd6 Qa5 34.
Ne7+ Kh8 35. Qf7 Qe1 36. Qg8# 1-0

[Event "Open Plzen 2017"]
[Site "Plzen"]
[Date "2017.11.22"]
[Round "4"]
[White "Ryabov, Igor"]
[Black "Leseticky, Vladimir"]
[Result "1/2-1/2"]
[WhiteElo "1952"]
[BlackElo "1720"]
[PlyCount "85"]
[EventDate "2017.11.19"]

1. e4 {[%emt 0:00:00]} e5 2. Nf3 Nc6 3. Bc4 Be7 4. d3 Nf6 5. c3 O-O 6. Nbd2 d5
7. Bb3 Bg4 8. Qe2 Nh5 9. O-O Nf4 10. Qe3 d4 11. cxd4 Nxd4 12. Nxd4 Bg5 13. Qg3
Be2 14. N2f3 Bxf3 15. Qxf3 Qxd4 16. Qg4 Bf6 17. Bxf4 exf4 18. Qxf4 Be5 19. Qf5
g6 20. Qf3 Qxb2 21. Rac1 Rad8 22. Rc4 c6 23. Rb4 b6 24. Qe3 Qc3 25. Rc4 Qxd3
26. Qxd3 Rxd3 27. Rxc6 Rfd8 28. g3 Rd2 29. Bd5 Rd7 30. h4 Kg7 31. Kg2 h5 32.
Rfc1 Bd4 33. R1c2 Rxc2 34. Rxc2 Bc5 35. Rd2 Kf6 36. f4 Ke7 37. Kf3 Rc7 38. e5
Bb4 39. Rd3 Rc3 40. Rxc3 Bxc3 41. g4 Be1 42. gxh5 gxh5 43. f5 1/2-1/2

[Event "Open Plzen 2017"]
[Site "Plzen"]
[Date "2017.11.22"]
[Round "4"]
[White "Kejzlar, Lubos"]
[Black "Aird, Ian"]
[Result "1/2-1/2"]
[WhiteElo "1946"]
[BlackElo "1738"]
[PlyCount "56"]
[EventDate "2017.11.19"]

1. e4 {[%emt 0:00:00]} e5 {[%emt 0:00:00]} 2. Nf3 Nc6 3. Nc3 Nf6 4. g3 d5 5.
exd5 Nxd5 6. Bg2 Nxc3 7. bxc3 Bc5 8. O-O O-O 9. d3 Bg4 10. h3 Bh5 11. g4 Bg6
12. Be3 Bb6 13. d4 exd4 14. cxd4 Be4 15. c3 Qd5 16. Nh4 Bxg2 17. Nxg2 Rad8 18.
Nf4 Qc4 19. Qb3 Na5 20. Qxc4 Nxc4 21. Rfd1 Rfe8 22. Re1 c6 23. Kg2 Kf8 24. Rab1
Rd7 25. Rb4 Na3 26. Rb3 Nc4 27. Rb4 Na3 28. Rb3 Nc4 1/2-1/2

[Event "Open Plzen 2017"]
[Site "Plzen"]
[Date "2017.11.22"]
[Round "4"]
[White "Kalveus, Jan"]
[Black "Brhlik, Antonin"]
[Result "1-0"]
[WhiteElo "1849"]
[BlackElo "1707"]
[PlyCount "99"]
[EventDate "2017.11.19"]

1. d4 d5 2. Nf3 e6 3. c4 c5 4. e3 Nc6 5. a3 a5 6. Nc3 Nf6 7. Bd3 Be7 8. O-O O-O
9. Re1 Re8 10. b3 b6 11. cxd5 exd5 12. Bb5 Bd7 13. Ne5 Qc7 14. Nxd7 Qxd7 15.
Ra2 Red8 16. Rd2 cxd4 17. Rxd4 Qe6 18. Rd2 Ne4 19. Nxe4 dxe4 20. Bc4 Rxd2 21.
Qxd2 Qf5 22. Qd5 Qxd5 23. Bxd5 Rc8 24. Bb2 Nd8 25. Bxe4 Ne6 26. Rc1 Rxc1+ 27.
Bxc1 Nc5 28. Bc2 Bf6 29. Kf1 Kf8 30. Ke2 g6 31. b4 axb4 32. axb4 Nb7 33. Kd3
Nd6 34. Bb3 Ke7 35. Bd2 Nb5 36. Ba4 Nd6 37. f3 Bg7 38. Bc3 Bf8 39. Bc6 f5 40.
Bd4 b5 41. Bc5 Ke6 42. e4 fxe4+ 43. fxe4 Be7 44. Bd5+ Ke5 45. g3 Nc8 46. Bc6
Nd6 47. Bxb5 Nxb5 48. Bxe7 Na3 49. Bf8 g5 50. Bg7+ 1-0

[Event "Open Plzen 2017"]
[Site "Plzen"]
[Date "2017.11.22"]
[Round "4"]
[White "Griec, Milan"]
[Black "Gurtovoi, Borys"]
[Result "0-1"]
[WhiteElo "1609"]
[BlackElo "1891"]
[PlyCount "56"]
[EventDate "2017.11.19"]

1. c4 Nf6 2. d4 c5 3. dxc5 Qa5+ 4. Nc3 Qxc5 5. e3 d6 6. Be2 g6 7. Nf3 Bg7 8.
O-O a6 9. Re1 O-O 10. a3 b6 11. Bd2 Bb7 12. Rb1 Nbd7 13. b4 Qc7 14. Qb3 Rac8
15. Nd5 Nxd5 16. cxd5 Qc2 17. Bd1 Qc4 18. Ng5 Qxd5 19. Bf3 Qxb3 20. Rxb3 Bxf3
21. Nxf3 b5 22. Reb1 Rc2 23. Rd1 Rd8 24. Rd3 Nb6 25. Nd4 Ra2 26. Rc1 Nc4 27.
Nc2 Nxd2 28. Rxd2 Rc8 0-1

[Event "Open Plzen 2017"]
[Site "Plzen"]
[Date "2017.11.22"]
[Round "4"]
[White "Chudek, Lubomir"]
[Black "Kotesovec, Jaroslav"]
[Result "1-0"]
[WhiteElo "1731"]
[BlackElo "1502"]
[PlyCount "51"]
[EventDate "2017.11.19"]

1. e4 e5 2. Nf3 Nc6 3. Bc4 Bc5 4. c3 Nf6 5. d4 exd4 6. e5 Qe7 7. O-O Ng4 8.
cxd4 Bb4 9. a3 Ba5 10. b4 Bb6 11. Bg5 Qf8 12. h3 Nh6 13. d5 Nd8 14. Re1 a5 15.
e6 dxe6 16. Bxd8 Kxd8 17. dxe6+ Qd6 18. Qc2 Ke7 19. exf7+ Kf6 20. Qc3+ Kg6 21.
Nh4+ Kg5 22. Qxg7+ Kxh4 23. g3+ Kh5 24. Be2+ Bg4 25. hxg4+ Nxg4 26. Bxg4# 1-0

[Event "Open Plzen 2017"]
[Site "Plzen"]
[Date "2017.11.22"]
[Round "4"]
[White "Ruzicka, Vaclav"]
[Black "Stocek, Jiri"]
[Result "1-0"]
[WhiteElo "1571"]
[BlackElo "1299"]
[PlyCount "79"]
[EventDate "2017.11.19"]

1. d4 {[%emt 0:00:00]} Nf6 2. c4 g6 3. Nf3 Bg7 4. Nc3 d6 5. e4 Nc6 6. d5 Ne5 7.
Nxe5 dxe5 8. c5 O-O 9. Be2 a6 10. O-O Nd7 11. b4 f6 12. Be3 Kh8 13. a4 b6 14.
Rb1 bxc5 15. bxc5 Nb8 16. Qd2 Bd7 17. f4 exf4 18. Bxf4 Qc8 19. h3 g5 20. Bh2 e6
21. c6 Be8 22. Bg4 Bf7 23. Rb7 Qe8 24. Bxc7 f5 25. exf5 exd5 26. f6 Bh6 27. Bd6
Rg8 28. c7 Nd7 29. Nxd5 Qe4 30. Bf3 Qc4 31. Ne7 Rge8 32. Bg4 Nxf6 33. Be5 Qc5+
34. Bd4 Qxe7 35. Bxf6+ Qxf6 36. Rxf6 Bg7 37. Rxf7 Rg8 38. c8=Q h6 39. Qxa8 Rxa8
40. Rxg7 1-0

[Event "Open Plzen 2017"]
[Site "Plzen"]
[Date "2017.11.23"]
[Round "5"]
[White "Plischki, Sebastian"]
[Black "Burnett, Andrew"]
[Result "1/2-1/2"]
[WhiteElo "2395"]
[BlackElo "2208"]
[PlyCount "138"]
[EventDate "2017.11.19"]

1. Nf3 Nf6 2. c4 g6 3. Nc3 Bg7 4. e4 d6 5. d4 Bg4 6. Be2 O-O 7. Be3 Nfd7 8. Qd2
e5 9. d5 a5 10. Ng1 Bxe2 11. Ngxe2 Na6 12. O-O Nac5 13. b3 b6 14. Rab1 Nf6 15.
f3 h5 16. a3 Nh7 17. b4 Nd7 18. Nc1 Bf6 19. Nd3 Bg5 20. Bxg5 Qxg5 21. Qxg5 Nxg5
22. Nb5 Rac8 23. c5 bxc5 24. bxc5 dxc5 25. Rfc1 c6 26. Nd6 Rc7 27. h4 Nh7 28.
Rb7 Rxb7 29. Nxb7 cxd5 30. exd5 Rc8 31. Nbxc5 Nhf6 32. d6 Rc6 33. Nb7 Rxc1+ 34.
Nxc1 a4 35. Nd3 Kf8 36. Kf2 Ke8 37. Nb2 Nb6 38. Nc5 Nfd5 39. g3 Nc3 40. Ke3 Nb5
41. Ncxa4 Nxa4 42. Nxa4 Nxd6 43. Nb6 Kd8 44. a4 Kc7 45. Nd5+ Kc6 46. Nf6 Nc4+
47. Ke4 Nd2+ 48. Kxe5 Nxf3+ 49. Kf4 Nd4 50. Kg5 Ne2 51. Ne4 f5 52. Nf2 Nxg3 53.
Kxg6 Kb6 54. Nd3 Ka5 55. Nf4 Kxa4 56. Nxh5 f4 57. Nxf4 Kb5 58. Nh5 Ne2 59. Kg5
Kc6 60. Nf6 Kd6 61. h5 Ke6 62. h6 Kf7 63. Nd5 Nd4 64. Ne3 Ne6+ 65. Kh5 Nf4+ 66.
Kg5 Ne6+ 67. Kf5 Nd4+ 68. Ke4 Kg6 69. Kxd4 Kxh6 1/2-1/2

[Event "Open Plzen 2017"]
[Site "Plzen"]
[Date "2017.11.23"]
[Round "5"]
[White "Eret, Jonas"]
[Black "Jurek, Josef"]
[Result "1/2-1/2"]
[WhiteElo "2205"]
[BlackElo "2265"]
[PlyCount "30"]
[EventDate "2017.11.19"]

1. d4 {[%emt 0:00:00]} Nf6 2. Nf3 g6 3. Bf4 Bg7 4. e3 b6 5. h3 Bb7 6. Be2 O-O
7. O-O c5 8. c3 d6 9. Nbd2 Nbd7 10. a4 a6 11. Qb3 Qc7 12. Bh2 Bc6 13. Qa3 Qb7
14. c4 Qc7 15. Rac1 Rfe8 1/2-1/2

[Event "Open Plzen 2017"]
[Site "Plzen"]
[Date "2017.11.23"]
[Round "5"]
[White "Chudinovskikh, Alexander M"]
[Black "Stella, Andrea"]
[Result "1/2-1/2"]
[WhiteElo "2219"]
[BlackElo "2506"]
[PlyCount "77"]
[EventDate "2017.11.19"]

1. d4 Nf6 2. Nf3 g6 3. g3 Bg7 4. Bg2 O-O 5. O-O d6 6. Re1 Ne4 7. Nbd2 Nxd2 8.
Bxd2 Nc6 9. d5 Nb8 10. Qc1 e5 11. dxe6 fxe6 12. Bh6 Qf6 13. Bxg7 Kxg7 14. c4
Nc6 15. Kh1 e5 16. Rf1 Bg4 17. Qd2 h6 18. h3 Bxf3 19. Bxf3 Qe6 20. Kg2 e4 21.
Qc3+ Rf6 22. Bg4 Qf7 23. e3 Ne5 24. Be2 Rf8 25. Qe1 Nxc4 26. Bxc4 Qxc4 27. Rc1
Qf7 28. Rc2 c6 29. Qa5 a6 30. Qc3 Kh7 31. b4 Rf5 32. Qd4 Qe6 33. Rd2 Rh5 34.
Rh1 Rd5 35. Qb2 Rdf5 36. Qc2 h5 37. Rf1 R8f6 38. Rfd1 d5 39. h4 1/2-1/2

[Event "Open Plzen 2017"]
[Site "Plzen"]
[Date "2017.11.23"]
[Round "5"]
[White "Kopriva, Martin"]
[Black "Kubat, Miroslav"]
[Result "1-0"]
[WhiteElo "2084"]
[BlackElo "2002"]
[PlyCount "78"]
[EventDate "2017.11.19"]

1. d4 {[%emt 0:00:00]} Nf6 2. g4 d5 3. g5 Ne4 4. f3 Nd6 5. Nc3 e6 6. e4 dxe4 7.
fxe4 Nc6 8. Nf3 Bd7 9. Be3 Qe7 10. Qd2 O-O-O 11. O-O-O a6 12. Be2 e5 13. d5 Nb8
14. Bc5 f6 15. Rhg1 g6 16. gxf6 Qxf6 17. Be3 Qg7 18. Nxe5 Qxe5 19. Bd4 Qxh2 20.
Rh1 Bh6 21. Qxh6 Qxh6+ 22. Rxh6 Nf7 23. Rh2 Rhg8 24. Rxh7 Ng5 25. Rh4 Rde8 26.
e5 Bf5 27. e6 c6 28. Rg1 Nh3 29. Rg3 cxd5 30. Rgxh3 Bxh3 31. Rxh3 Nc6 32. Bf6
Kc7 33. Nxd5+ Kd6 34. Nf4 g5 35. Rd3+ Kc5 36. Rd5+ Kb6 37. Rxg5 Rxg5 38. Bxg5
Nd4 39. Bh5 Rh8 1-0

[Event "Open Plzen 2017"]
[Site "Plzen"]
[Date "2017.11.23"]
[Round "5"]
[White "Belus, Benjamin"]
[Black "Bartos, Jan"]
[Result "1/2-1/2"]
[WhiteElo "1953"]
[BlackElo "2227"]
[PlyCount "29"]
[EventDate "2017.11.19"]

1. Nf3 {[%emt 0:00:00]} Nf6 2. g3 g6 3. Bg2 Bg7 4. O-O O-O 5. c4 c6 6. Nc3 d5
7. cxd5 cxd5 8. d4 Ne4 9. Ne5 Nxc3 10. bxc3 e6 11. e4 dxe4 12. Bxe4 Nd7 13. f4
Qc7 14. Qb3 Rb8 15. Ba3 1/2-1/2

[Event "Open Plzen 2017"]
[Site "Plzen"]
[Date "2017.11.23"]
[Round "5"]
[White "Barthel, Ansgar"]
[Black "Malinovsky, Petr"]
[Result "0-1"]
[WhiteElo "2202"]
[BlackElo "1996"]
[PlyCount "112"]
[EventDate "2017.11.19"]

1. e4 {[%emt 0:00:00]} c5 2. Nf3 e6 3. d4 cxd4 4. Nxd4 Nf6 5. Nc3 Nc6 6. Ndb5
Bc5 7. Bf4 O-O 8. Bc7 Qe7 9. Bd6 Bxd6 10. Qxd6 Qd8 11. O-O-O a6 12. Nd4 Qb6 13.
Nxc6 bxc6 14. e5 Ng4 15. Bd3 f5 16. exf6 Nxf6 17. g4 Qb8 18. Qg3 e5 19. Rde1 d6
20. Rhg1 a5 21. f4 exf4 22. Qxf4 d5 23. Qxb8 Rxb8 24. Re7 Rb7 25. Rxb7 Bxb7 26.
Na4 Bc8 27. h3 Nd7 28. Re1 g6 29. c4 Kf7 30. cxd5 cxd5 31. Bb5 Rd8 32. Kd2 Kf6
33. Bxd7 Bxd7 34. Nc5 Bc8 35. Re3 Kg5 36. Ke2 h5 37. gxh5 gxh5 38. Ra3 Kh4 39.
Rxa5 Kxh3 40. Nd3 Kg3 41. Ne1 h4 42. Ra3+ Kg4 43. Kf2 h3 44. Rg3+ Kf4 45. Rf3+
Kg5 46. Rd3 Bg4 47. Kg3 Bf5 48. Nf3+ Kf6 49. Rd2 Rg8+ 50. Kh2 Be4 51. Ng1 Rg2+
52. Rxg2 hxg2 53. Kg3 Ke5 54. Kf2 d4 55. Ke2 Kf4 56. Kd2 Kg3 0-1

[Event "Open Plzen 2017"]
[Site "Plzen"]
[Date "2017.11.23"]
[Round "5"]
[White "Wiley, Thomas"]
[Black "Moeckel, Jens"]
[Result "1-0"]
[WhiteElo "2117"]
[BlackElo "1937"]
[PlyCount "109"]
[EventDate "2017.11.19"]

1. d4 g6 2. c4 Bg7 3. e4 d6 4. Nc3 Nc6 5. Be3 e5 6. d5 Nce7 7. g4 f5 8. gxf5
gxf5 9. Qh5+ Ng6 10. exf5 Qh4 11. Qf3 Nf4 12. Nh3 Bxf5 13. Nxf4 exf4 14. Qxf4
Qxf4 15. Bxf4 O-O-O 16. Kd2 Bxc3+ 17. Kxc3 Rf8 18. Be3 Nf6 19. Bd3 Ng4 20. Raf1
Rf7 21. Bxf5+ Rxf5 22. h3 Ne5 23. Rhg1 Rf3 24. Rg3 Rhf8 25. Rfg1 Ng6 26. Rxf3
Rxf3 27. Rg3 Rf7 28. b3 b6 29. Kd3 c5 30. dxc6 Kc7 31. Rg5 Ne5+ 32. Ke4 Nxc6
33. f4 Kd7 34. Rd5 Ne7 35. Rb5 d5+ 36. cxd5 Nf5 37. Kf3 Rg7 38. Bf2 Kd6 39. a4
Rc7 40. Ke4 Ne7 41. Bd4 Rc1 42. Be5+ Kd7 43. a5 Nc8 44. axb6 axb6 45. Kf5 Rg1
46. h4 h5 47. d6 Rg4 48. Rb4 Rxh4 49. Kg5 Rh1 50. Rc4 Nxd6 51. Rd4 h4 52. Rxd6+
Ke7 53. Rxb6 h3 54. Rh6 h2 55. Kf5 1-0

[Event "Open Plzen 2017"]
[Site "Plzen"]
[Date "2017.11.23"]
[Round "5"]
[White "Csiki, Endre"]
[Black "Paldus, Petr"]
[Result "1/2-1/2"]
[WhiteElo "2084"]
[BlackElo "1928"]
[PlyCount "52"]
[EventDate "2017.11.19"]

1. e4 {[%emt 0:00:00]} e5 2. Nf3 Nc6 3. Nc3 Nf6 4. d4 d6 5. Bb5 Bd7 6. O-O Be7
7. d5 Nb8 8. Bxd7+ Qxd7 9. Ne1 c6 10. f3 Na6 11. dxc6 bxc6 12. Nd3 Nc7 13. Qe2
Ne6 14. Be3 g5 15. Qd2 h5 16. Rad1 h4 17. Nf2 Nf4 18. Na4 Qe6 19. h3 Kf8 20. c4
Kg7 21. Qc2 d5 22. exd5 cxd5 23. Bxf4 gxf4 24. c5 d4 25. Rfe1 Nd5 26. Qc4 Ne3
1/2-1/2

[Event "Open Plzen 2017"]
[Site "Plzen"]
[Date "2017.11.23"]
[Round "5"]
[White "Kalinowska, Zuzanna"]
[Black "Stock, Andreas"]
[Result "1/2-1/2"]
[WhiteElo "1948"]
[BlackElo "2051"]
[PlyCount "107"]
[EventDate "2017.11.19"]

1. d4 Nf6 2. c4 c5 3. d5 b5 4. cxb5 a6 5. bxa6 e6 6. Nc3 exd5 7. Nxd5 Nxa6 8.
Bg5 Be7 9. Nxe7 Qxe7 10. Nf3 Bb7 11. e3 O-O 12. Be2 d5 13. O-O Nb4 14. a3 Na6
15. Qc2 Rac8 16. Qf5 Qe6 17. Bd3 Qxf5 18. Bxf5 Rc6 19. b4 cxb4 20. axb4 Rb6 21.
b5 Nc7 22. Nd4 Ne6 23. Bxf6 gxf6 24. Rfd1 Bc8 25. Nc6 Rxb5 26. Ne7+ Kg7 27.
Rxd5 Rxd5 28. Nxd5 Nc7 29. Bxc8 Nxd5 30. Bb7 Ne7 31. g3 Rd8 32. Be4 Rd7 33. Ra5
h6 34. Rb5 Rd6 35. Kg2 Re6 36. Bf3 f5 37. Rb7 Kf6 38. Rb5 Ng6 39. Rb7 Ne5 40.
Bh5 Ng6 41. Bxg6 fxg6 42. h4 h5 43. Kf3 Ra6 44. Rb5 Rc6 45. Rb8 Ra6 46. Rf8+
Kg7 47. Ra8 Kf6 48. Kf4 Re6 49. Rf8+ Kg7 50. Rd8 Re4+ 51. Kf3 Re6 52. Kf4 Re4+
53. Kf3 Re6 54. Kf4 1/2-1/2

[Event "Open Plzen 2017"]
[Site "Plzen"]
[Date "2017.11.23"]
[Round "5"]
[White "Basson, Heinrich"]
[Black "Vlk, Miloslav"]
[Result "1-0"]
[WhiteElo "1939"]
[BlackElo "2000"]
[PlyCount "43"]
[EventDate "2017.11.19"]

1. d4 d5 2. Bf4 Nf6 3. Nf3 e6 4. e3 Be7 5. c3 O-O 6. Nbd2 c5 7. Bd3 Nc6 8. Ne5
a6 9. a4 Nxe5 10. Bxe5 Nd7 11. Bg3 f5 12. O-O Nf6 13. f3 Bd7 14. b3 Bc6 15. Qe2
Bd6 16. Bxd6 Qxd6 17. Rad1 Rfb8 18. e4 dxe4 19. fxe4 e5 20. d5 fxe4 21. Nxe4
Bxd5 22. Nxd6 1-0

[Event "Open Plzen 2017"]
[Site "Plzen"]
[Date "2017.11.23"]
[Round "5"]
[White "Ryabov, Igor"]
[Black "Hodan, Jiri"]
[Result "1-0"]
[WhiteElo "1952"]
[BlackElo "1917"]
[PlyCount "155"]
[EventDate "2017.11.19"]

1. e4 e5 2. Nf3 Nc6 3. Bc4 Bc5 4. b4 Bxb4 5. c3 Be7 6. d4 exd4 7. O-O Nf6 8. e5
Ne4 9. cxd4 d5 10. exd6 Nxd6 11. Bb3 Bf6 12. Re1+ Ne7 13. Ng5 O-O 14. Nc3 c6
15. Nce4 Nxe4 16. Rxe4 Nd5 17. Qh5 Bf5 18. Rh4 Bg6 19. Qg4 Qc8 20. Qg3 h6 21.
Nxf7 Bxh4 22. Nxh6+ Kh8 23. Qxh4 gxh6 24. Qxh6+ Bh7 25. Bg5 Qf5 26. Bh4 Qg6 27.
Qd2 Rae8 28. Bg3 Qd3 29. Be5+ Kg8 30. Qg5+ Qg6 31. Qd2 Qd3 32. Qg5+ Qg6 33. Qd2
Re6 34. Rc1 Qd3 35. Qg5+ Qg6 36. Qd2 Qd3 37. Qg5+ Rg6 38. Qh4 Qd2 39. Rd1 Qg5
40. Qe4 Rd6 41. Qe2 Re6 42. Rf1 Qf5 43. f4 Qe4 44. Qf2 Rh6 45. h3 Kf7 46. Re1
Qg6 47. Re3 Rd8 48. f5 Qg8 49. Rg3 Qf8 50. Bg7 Qxg7 51. Rxg7+ Kxg7 52. Qg3+ Kf8
53. Qe5 Rdd6 54. g4 Bxf5 55. Qxf5+ Rhf6 56. Qc8+ Ke7 57. Bxd5 Rxd5 58. Qxb7+
Rd7 59. Qb4+ Rfd6 60. Kf2 Kf8 61. Ke3 Kg7 62. Qc3 Kf8 63. Qc5 Ke8 64. h4 Re6+
65. Kf4 Red6 66. Ke4 Re7+ 67. Kd3 Rde6 68. Kc4 Kd8 69. g5 Re1 70. Qd6+ Kc8 71.
g6 R1e6 72. Qg3 Re3 73. Qg4+ Kb7 74. g7 Ra3 75. g8=Q Ra4+ 76. Kb3 Rb4+ 77. Kxb4
c5+ 78. Ka5 1-0

[Event "Open Plzen 2017"]
[Site "Plzen"]
[Date "2017.11.23"]
[Round "5"]
[White "Gurtovoi, Borys"]
[Black "Chudek, Lubomir"]
[Result "0-1"]
[WhiteElo "1891"]
[BlackElo "1731"]
[PlyCount "88"]
[EventDate "2017.11.19"]

1. Nf3 Nf6 2. c4 g6 3. g3 Bg7 4. Bg2 O-O 5. Nc3 c5 6. O-O Nc6 7. d3 a6 8. Bg5
Rb8 9. Qd2 b5 10. Bh6 bxc4 11. Bxg7 Kxg7 12. dxc4 Bb7 13. Nd5 Ne8 14. e4 d6 15.
Rfe1 Kg8 16. Rad1 e5 17. Qh6 f6 18. Bh3 Ng7 19. Bg4 Nd4 20. Nxd4 cxd4 21. b3
Bxd5 22. cxd5 f5 23. exf5 Nxf5 24. Qd2 Qb6 25. Rc1 Qb5 26. Rc7 Qxd5 27. Bxf5
gxf5 28. Qh6 Rf7 29. Rec1 Rbf8 30. Rc8 Qf3 31. Rxf8+ Rxf8 32. Qd2 d3 33. b4 e4
34. a4 d5 35. b5 axb5 36. axb5 d4 37. Qa2+ Rf7 38. Qa8+ Kg7 39. Rf1 d2 40. Qa1
Qd3 41. b6 e3 42. b7 e2 43. b8=Q exf1=Q+ 44. Qxf1 Qxf1+ 0-1

[Event "Open Plzen 2017"]
[Site "Plzen"]
[Date "2017.11.23"]
[Round "5"]
[White "Aird, Ian"]
[Black "Kalveus, Jan"]
[Result "1-0"]
[WhiteElo "1738"]
[BlackElo "1849"]
[PlyCount "77"]
[EventDate "2017.11.19"]

1. c4 f5 2. g3 e5 3. d4 exd4 4. Qxd4 Nc6 5. Qe3+ Be7 6. Bg2 Nf6 7. Nc3 O-O 8.
Nh3 Ng4 9. Qd2 Bc5 10. Qd5+ Kh8 11. Qxc5 d6 12. Qd4 Qe8 13. Qd1 Nce5 14. b3 Bd7
15. O-O Qh5 16. f3 Nf6 17. Nf4 Qf7 18. Bb2 g5 19. Nd3 Rae8 20. Nxe5 dxe5 21.
Nd5 Nxd5 22. Qxd5 Qg7 23. f4 gxf4 24. Rxf4 c6 25. Qd2 Kg8 26. Rh4 Qe7 27. Rd1
Rf7 28. Qd6 Qg5 29. Qh6 Qe7 30. Bc1 Rg7 31. Qd6 Qd8 32. Bh6 Rf7 33. Bf3 Re6 34.
Qxe6 Qb6+ 35. c5 Qxc5+ 36. Kg2 e4 37. Rxd7 exf3+ 38. Kxf3 Qc3+ 39. Kg2 1-0

[Event "Open Plzen 2017"]
[Site "Plzen"]
[Date "2017.11.23"]
[Round "5"]
[White "Ilzhoefer, Karl-Heinz"]
[Black "Skurniak, Szymon"]
[Result "1-0"]
[WhiteElo "1791"]
[BlackElo "1702"]
[PlyCount "65"]
[EventDate "2017.11.19"]

1. e4 {[%emt 0:00:00]} c5 2. Nf3 e6 3. d4 cxd4 4. Nxd4 a6 5. Nc3 b5 6. a3 Bb7
7. Bd3 Qb6 8. Nb3 Qc7 9. f4 Nf6 10. Qe2 d6 11. O-O Nc6 12. Be3 Be7 13. Rad1 O-O
14. h3 b4 15. Na4 Nd7 16. Qh5 g6 17. Qe2 bxa3 18. bxa3 Na5 19. f5 d5 20. Bh6
Nxb3 21. cxb3 Rfc8 22. fxg6 fxg6 23. Qg4 Qd6 24. Kh1 Nf6 25. Qe2 Nh5 26. e5
Qxa3 27. Qg4 Bf8 28. Bxg6 Ng7 29. Bf7+ Kh8 30. Nb6 Qxb3 31. Nxa8 Bxa8 32. Bxe6
Rd8 33. Rxf8+ 1-0